| 000 | 00685nam a22002057i 4500 | ||
|---|---|---|---|
| 999 |
_c22933 _d22933 |
||
| 003 | AR-CdUCM | ||
| 008 | 240531b20162016 pe||||| |||| 00| 0 spa d | ||
| 040 |
_aMUNICIPALIDAD PROVINCIAL DEL CUSCO _cBIBLIOTECA MUNICIPAL DEL CUSCO |
||
| 082 |
_a869.57 / F61V _bF61V |
||
| 100 |
_aFlores Adrianzén, Rocío del Pilar. _950043 |
||
| 245 | _aVenus entre líneas / | ||
| 260 |
_aLima : _bHanan Harawi, _c2016 |
||
| 300 |
_a69 páginas. : _c18 cm. |
||
| 650 |
_aVenus en la naturaleza del dolor _950044 |
||
| 650 |
_aVenus en diálogo abierto _950045 |
||
| 650 |
_aVenus en reflexión _950046 |
||
| 650 |
_aVenus en nuevos caminos _950047 |
||
| 942 |
_2ddc _cLIBROS |
||
| 945 |
_apbj _d2024-05-31 |
||